Movies Quiz

Random Movies or Actor Quiz

The 1990s Movie Blanket Quiz Stats

 Plays Quiz Updated Nov 28, 2014

Challenge
Share
Tweet
Score 0/180 Timer 08:00
0 Plays Today
90s Movies % Correct
The
100%
The
99.9%
The
99.9%
The
99.9%
The
99.9%
The
99.9%
The
99.9%
The
99.9%
The
99.9%
The
99.9%
The
99.9%
The
99.9%
The
99.9%
The
99.9%
The
99.9%
The
99.9%
The
99.9%
The
99.9%
The
99.9%
The
99.9%
The
99.9%
The
99.9%
The
99.9%
The
99.9%
The
99.9%
The
99.9%
The
99.9%
The
99.9%
The
99.9%
The
99.9%
Green
99.9%
Tom
99.9%
John
99.9%
Big
99.9%
Bruce
99.9%
General's
99.9%
Usual
99.9%
Man
99.9%
Robert
99.9%
1999
99.9%
Sense
99.9%
1999
99.9%
Story
99.9%
1999
99.9%
1999
99.9%
1999
99.9%
1998
99.9%
1998
99.9%
1998
99.9%
1998
99.9%
Devil's
99.9%
1997
99.9%
Element
99.9%
1997
99.9%
Ice
99.9%
1997
99.9%
1996
99.9%
1996
99.9%
1996
99.9%
Freeman
99.9%
90s Movies % Correct
1994
99.9%
King
99.9%
1994
99.9%
1994
99.9%
Julia
99.9%
Three
99.9%
Mighty
99.9%
King
99.9%
Two
99.9%
Full
99.9%
1997
99.9%
Suicides
99.9%
Singer
99.9%
Drew
99.8%
Show
99.9%
Trap
99.9%
Lindsay
99.8%
Al
99.8%
Patient
99.9%
Jim
99.8%
Guy
99.8%
Professor
99.9%
Eddie
99.9%
1995
99.9%
Diaries
99.8%
1995
99.9%
President
99.9%
Michael
99.8%
1995
99.9%
Proxy
99.9%
Brief
99.9%
1993
99.9%
1993
99.9%
Game
99.8%
1992
99.9%
1992
99.9%
1992
99.9%
Jeff
99.9%
1991
99.9%
Family
99.8%
1991
99.9%
1990
99.9%
Kevin
99.9%
Farnsworth
99.8%
Woods
99.8%
Linney
99.8%
Jovovich
99.8%
Binoche
99.8%
DiCaprio
99.8%
Broderick
99.8%
Paul
99.8%
Charlie
99.8%
Estevez
99.8%
Brosnan
99.8%
Anjelica
99.8%
Moore
99.8%
Byrne
99.8%
Whitaker
99.8%
Keitel
99.8%
Shawshank
98.1%
90s Movies % Correct
Mile
94.9%
Sixth
94.3%
Willis
93.9%
Hanks
93.8%
Redemption
92.1%
Morgan
92.1%
Lohan
90.7%
Parent
90.5%
Murphy
90.4%
Leonardo
90%
Nutty
89.8%
Suspects
89.7%
Barrymore
89.4%
Wedding
89.2%
Matthew
85.3%
Fifth
84.8%
Roberts
83.9%
Pierce
83.5%
Emilio
83.4%
English
82.8%
Ducks
81.9%
Pacino
79.9%
Pelican
79.2%
Forest
78.2%
Carrey
75.6%
Huston
75%
Advocate
75%
Milla
73.7%
Harvey
73.5%
Monty
72.6%
Daughter
72.3%
Truman
68.8%
Virgin
68.6%
Douglas
67%
Bridges
65.7%
Cable
64.8%
Laura
63.9%
Sheen
62.6%
Lebowski
62.4%
Addams
58.2%
American
57%
Juliette
50%
Julianne
49.6%
Gabriel
49.2%
Basketball
47.6%
Travolta
46.9%
James
45.7%
Fisher
44.2%
Musketeers
43.1%
Newman
42.2%
Hudsucker
40.4%
Kline
38.8%
Crying
38%
Lion
33.2%
Storm
26.7%
Carlyle
18.7%
Jakes
13.3%
Richard
12.5%
Straight
10.4%
Lawnmower
7.4%

You're not logged in!

Compare scores with friends on all Sporcle quizzes.
Join for Free
OR
Log In

You Might Also Like...

Show Comments

Extras

Top Quizzes Today


Score Distribution

Your Account Isn't Verified!

In order to create a playlist on Sporcle, you need to verify the email address you used during registration. Go to your Sporcle Settings to finish the process.

Report this User

Report this user for behavior that violates our Community Guidelines.

Details: